| 000 | 01163nam a2200301 a 4500 | ||
|---|---|---|---|
| 001 | ebr5004004 | ||
| 003 | CaPaEBR | ||
| 006 | m u | ||
| 007 | cr cn||||||||| | ||
| 008 | 980722s1999 ctu sb 001 0 eng | ||
| 010 | _z 98030538 | ||
| 020 | _z1567202683 (alk. paper) | ||
| 040 |
_aCaPaEBR _cCaPaEBR |
||
| 035 | _a(OCoLC)614703906 | ||
| 050 | 1 | 4 |
_aJF1525.O73 _bT56 1999eb |
| 082 | 0 | 4 |
_a352.3 _221 |
| 100 | 1 | _aThomas, Camaron J. | |
| 245 | 1 | 0 |
_aManagers, part of the problem? _h[electronic resource] : _bchanging how the public sector works / _cCamaron J. Thomas. |
| 260 |
_aWestport, Conn. : _bQuorum, _c1999. |
||
| 300 | _axiii, 171 p. | ||
| 504 | _aIncludes bibliographical references and index. | ||
| 533 |
_aElectronic reproduction. _bPalo Alto, Calif. : _cebrary, _d2013. _nAvailable via World Wide Web. _nAccess may be limited to ebrary affiliated libraries. |
||
| 650 | 0 | _aOrganizational change. | |
| 650 | 0 | _aPublic administration. | |
| 655 | 7 |
_aElectronic books. _2local |
|
| 710 | 2 | _aebrary, Inc. | |
| 856 | 4 | 0 |
_uhttp://site.ebrary.com/lib/rucke/Doc?id=5004004 _zAn electronic book accessible through the World Wide Web; click to view |
| 999 |
_c691 _d691 |
||